Využitie odpadových lignocelulózových častíc s obsahom chemikálií v procese výroby materiálov (DTD)

Salvato in:
Dettagli Bibliografici
Autore principale: Hájková, Hana (Autore)
Natura: Manoscritto Libro
Lingua:slovacco
Pubblicazione: Bratislava : STU v Bratislave FCHPT, 2002
Edizione:Obháj.: 3.6.2002
Tags: Aggiungi Tag
Nessun Tag, puoi essere il primo ad aggiungerne!!

MARC

LEADER 00000ntm a22000003a 4500
001 stu76452
005 20150617225646.1
008 020704s2002----xo------------------slo-d
040 |a STU  |b slo 
041 0 |a slo 
044 |a xo 
100 1 |a Hájková, Hana  |4 aut 
245 1 |a Využitie odpadových lignocelulózových častíc s obsahom chemikálií v procese výroby materiálov (DTD) 
250 |a Obháj.: 3.6.2002 
260 |a Bratislava :  |b STU v Bratislave FCHPT,  |c 2002 
300 |a 88 s. Tab.,grafy,lit 
500 |a Špec.: Chemická technológia dreva, celulózy a paiera 
996 |b 284C026853  |c C*D13540  |l CCI  |s A  |a 24  |w stu76452_0001